000
00310nam a22001457a 4500
008
210427b ||||| |||| 00| 0 eng d
020
_a
0870943782
041
_a
eng
080
_a
338.5
082
_a
338.5
100
_a
57
101
_a
QM
245
_a
Option Pricing
_c
Robert A. Jarrow
942
_2
udc
_c
BK
999
_c
56858
_d
56858